People Mentioned in 'Hamilton' Quiz Stats

 Plays Quiz Updated Feb 17, 2017

Support Sporcle.
Go Orange.
Score 0/40 Timer 10:00
15 Plays Today
First Mention Person % Correct
Alexander HamiltonAlexander Hamilton
98.5%
Aaron Burr, SirAaron Burr
97.6%
Right Hand ManGeorge Washington
91.8%
The Schuyler SistersThomas Jefferson
90.5%
Aaron Burr, SirLafayette
88.1%
The Schuyler SistersElizabeth Schuyler Hamilton
87.7%
The Schuyler SistersAngelica Schuyler Church
85.6%
The Schuyler SistersPhilip Schuyler
85.2%
My ShotGeorge III
85.1%
The Schuyler SistersMargarita Schuyler Van Rensselaer
85.1%
Aaron Burr, SirHercules Mulligan
83.7%
Aaron Burr, SirJohn Laurens
78.9%
Non-StopJames Madison
76.9%
Dear TheodosiaTheodosia Burr Alston
75.5%
Wait For ItTheodosia Bartow Prevost Burr
75.1%
Dear TheodosiaPhilip Hamilton
74.5%
Take a BreakJohn Adams
69%
Say No to ThisMaria Reynolds
66.9%
Say No to ThisJames Reynolds
64.3%
Stay AliveCharles Lee
62.4%
First Mention Person % Correct
Farmer RefutedSamuel Seabury
61.2%
The Schuyler SistersThomas Paine
48.1%
SatisfiedBenjamin Franklin
46.7%
A Winter's BallMartha Washington
44%
Non-StopJohn Jay
42.1%
Blow Us All AwayGeorge Eacker
41.8%
Cabinet Battle #2Louis XVI
38.2%
What'd I MissSally Hemings
35%
Guns and ShipsRochambeau
32.7%
Right Hand ManHenry Knox
32%
Right Hand ManNathanael Greene
29.4%
Right Hand ManRichard Howe
28.6%
Guns and ShipsBetsy Ross
28.4%
Right Hand ManRichard Montgomery
25.4%
Non-StopLevi Weeks
24.1%
Meet Me InsideThomas Conway
24%
The World Was Wide EnoughNathaniel Pendleton
20.5%
The Room Where It HappensHugh Mercer
20.2%
Non-StopSocrates
19.7%
The World Was Wide EnoughWilliam P. Van Ness
17.5%

You're not logged in!

Compare scores with friends on all Sporcle quizzes.
OR
Log In
Forgot?

From the Vault

NFL Rushing Yards Leaders by Decade

by hscer

So have people just gotten faster since the '50s?
Remove Ads.
Support Sporcle.
Get the best of Sporcle when you Go Orange. This ad-free experience offers more features, more stats, and more fun while also helping to support Sporcle. Thank you for becoming a member.

Show Comments

Extras

Top Quizzes Today


Score Distribution

Your Account Isn't Verified!

In order to create a playlist on Sporcle, you need to verify the email address you used during registration. Go to your Sporcle Settings to finish the process.

Report this User

Report this user for behavior that violates our Community Guidelines.

Details: